[Event "ROM-chT2"]
[Site "Slanic Moldova"]
[Date "2017.10.03"]
[Round "4.6"]
[White "Csurka, Roland"]
[Black "Salim, Riza"]
[Result "1/2-1/2"]
[WhiteElo "1833"]
[BlackElo "2033"]
[PlyCount "67"]
[EventDate "2017.09.30"]
[EventType "team-tourn"]
[EventRounds "9"]
[EventCountry "ROU"]
[SourceTitle "CBM 181 Extra"]
[Source "ChessBase"]
[SourceDate "2017.12.12"]
[SourceVersion "1"]
[SourceVersionDate "2017.12.12"]
[SourceQuality "1"]
[WhiteTeam "Marmatiei Sighetu"]
[BlackTeam "Techirghiol Victoria"]
[WhiteTeamCountry "ROU"]
[BlackTeamCountry "ROU"]

1. d4 d5 2. Nf3 Nf6 3. Bf4 e6 4. e3 c5 5. c3 Nc6 6. Nbd2 Qb6 7. Qc2 Bd7 8. Bd3 Rc8 9. Qb3 c4 10. Qxb6 axb6 11. Bc2 b5 12. a3 Be7 13. h3 0-0 14. 0-0 Nb8 15. Rfe1 Bc6 16. Ne5 Nbd7 17. Ndf3 Nb6 18. Nd2 Na4 19. Rab1 Rfd8 20. Ng4 h6 21. Nxf6+ Bxf6 22. Nf3 Re8 23. Bd6 Be7 24. Bxe7 Rxe7 25. Ne5 Rd8 26. Kf1 Be8 27. f4 g6 28. h4 Kg7 29. Kf2 f6 30. Nf3 Bf7 31. g4 Rh8 32. e4 Nb6 33. e5 f5 34. g5 1/2-1/2

[Event "ROM-ch U16"]
[Site "Calimanesti Caciulata"]
[Date "2016.04.25"]
[Round "9"]
[White "Calin, Alexandru"]
[Black "Csurka, Roland"]
[Result "1/2-1/2"]
[WhiteElo "2066"]
[BlackElo "1791"]
[PlyCount "86"]
[EventDate "2016.04.18"]
[EventType "swiss"]
[EventRounds "9"]
[EventCountry "ROU"]
[SourceTitle "EXT 2017"]
[Source "ChessBase"]
[SourceDate "2016.10.25"]
[SourceVersion "1"]
[SourceVersionDate "2016.10.25"]
[SourceQuality "1"]

1. d4 d5 2. c4 c6 3. Nf3 Nf6 4. g3 Bf5 5. Bg2 e6 6. Nh4 Bxb1 7. Rxb1 Bb4+ 8. Bd2 Qa5 9. cxd5 cxd5 10. a3 Bxd2+ 11. Qxd2 Qxd2+ 12. Kxd2 Nc6 13. b3 0-0 14. Nf3 Rac8 15. Rhc1 Na5 16. Ke1 Nc4 17. Nd2 Nxd2 18. Kxd2 Rfd8 19. f3 Kf8 20. Rc3 Ke7 21. e4 dxe4 22. Rxc8 e3+ 23. Kxe3 Rxc8 24. Kd3 b6 25. Re1 Kd6 26. f4 Ng4 27. h3 Nf6 28. Bf3 Nd5 29. Bxd5 Kxd5 30. Re5+ Kd6 31. f5 f6 32. Re1 Kd5 33. g4 h6 34. b4 Re8 35. h4 Kd6 36. Rc1 Rh8 37. h5 Re8 38. Rf1 Kd5 39. Rf4 Kd6 40. Rf1 Kd5 41. b5 Re7 42. a4 Re8 43. a5 Re7 1/2-1/2

[Event "ROM-ch U16"]
[Site "Calimanesti Caciulata"]
[Date "2016.04.23"]
[Round "7"]
[White "Pasca, Mihai Alexandru"]
[Black "Csurka, Roland"]
[Result "1/2-1/2"]
[WhiteElo "1585"]
[BlackElo "1791"]
[PlyCount "130"]
[EventDate "2016.04.18"]
[EventType "swiss"]
[EventRounds "9"]
[EventCountry "ROU"]
[SourceTitle "CBM 172 Extra"]
[Source "ChessBase"]
[SourceDate "2016.06.21"]
[SourceVersion "1"]
[SourceVersionDate "2016.06.21"]
[SourceQuality "1"]

1. e4 c5 2. c3 e6 3. Nf3 Nc6 4. d4 cxd4 5. cxd4 Nf6 6. e5 Nd5 7. Bc4 Bb4+ 8. Bd2 0-0 9. Bxd5 Bxd2+ 10. Qxd2 exd5 11. Nc3 d6 12. 0-0 dxe5 13. dxe5 Be6 14. Rad1 Ne7 15. Nd4 Qb6 16. a3 Nc6 17. Nxc6 bxc6 18. Na4 Qb5 19. Qd4 Rfc8 20. Nc5 Rab8 21. b4 a5 22. Rb1 axb4 23. axb4 Ra8 24. Nxe6 fxe6 25. Rfc1 Ra4 26. Rc5 Qb6 27. Rxd5 c5 28. Rxc5 Rd8 29. Qc3 Qxb4 30. Qxb4 Rxb4 31. Rbc1 Rd2 32. g3 Rb7 33. Rc8+ Kf7 34. R8c7+ Rd7 35. Rxd7+ Rxd7 36. g4 Rd5 37. Re1 Kg6 38. Kg2 h5 39. Kg3 hxg4 40. Kxg4 Rd4+ 41. f4 Rd2 42. h4 Rg2+ 43. Kf3 Rh2 44. Rg1+ Kf7 45. Kg4 Kg6 46. Rg3 Rh1 47. Rg2 Kf7 48. Kg5 g6 49. Kg4 Kg7 50. Rc2 Rg1+ 51. Kf3 Rh1 52. Rc7+ Kf8 53. Rh7 Rf1+ 54. Kg3 Rg1+ 55. Kf2 Rg4 56. Kf3 Rg1 57. h5 gxh5 58. Rxh5 Rf1+ 59. Kg3 Kg7 60. Rg5+ Kf7 61. Rg4 Rg1+ 62. Kh4 Rh1+ 63. Kg5 Rh8 64. f5 Rg8+ 65. Kf4 Rxg4+ 1/2-1/2

[Event "ROM-ch U14"]
[Site "Calimanesti"]
[Date "2015.04.03"]
[Round "6"]
[White "Alboni, Denis Dean"]
[Black "Csurka, Roland"]
[Result "1-0"]
[WhiteElo "1665"]
[BlackElo "1800"]
[PlyCount "65"]
[EventDate "2015.03.30"]
[EventType "swiss"]
[EventRounds "9"]
[EventCountry "ROU"]
[SourceTitle "CBM 165 Extra"]
[Source "ChessBase"]
[SourceDate "2015.04.21"]
[SourceVersion "1"]
[SourceVersionDate "2015.04.21"]
[SourceQuality "1"]

1. e4 e5 2. Nf3 Nc6 3. Bb5 d6 4. d4 exd4 5. Nxd4 Bd7 6. Nc3 Nge7 7. Bg5 Nxd4 8. Bxd7+ Qxd7 9. Qxd4 Nc6 10. Qe3 f6 11. Bh4 0-0-0 12. 0-0-0 h5 13. f4 Qg4 14. Bf2 a6 15. Nd5 g5 16. f5 h4 17. Nxf6 Qf4 18. Qxf4 gxf4 19. c3 Bh6 20. Kc2 Bg5 21. Nd5 Rde8 22. Rhe1 h3 23. g3 fxg3 24. Bxg3 Bh4 25. Bxh4 Rxh4 26. f6 Nd8 27. Ne7+ Kd7 28. e5 Rf4 29. Rd2 Rf3 30. Ree2 Ne6 31. Ng6 Nf8 32. e6+ Kc6 33. Nxf8 1-0

[Event "ROM-ch U14"]
[Site "Calimanesti"]
[Date "2015.04.02"]
[Round "5"]
[White "Csurka, Roland"]
[Black "Apahidean, Ioan"]
[Result "1/2-1/2"]
[WhiteElo "1800"]
[BlackElo "1707"]
[PlyCount "64"]
[EventDate "2015.03.30"]
[EventType "swiss"]
[EventRounds "9"]
[EventCountry "ROU"]
[SourceTitle "CBM 165 Extra"]
[Source "ChessBase"]
[SourceDate "2015.04.21"]
[SourceVersion "1"]
[SourceVersionDate "2015.04.21"]
[SourceQuality "1"]

1. c4 Nf6 2. Nc3 g6 3. g3 Bg7 4. Bg2 d6 5. e4 0-0 6. Nge2 Nbd7 7. 0-0 c5 8. d4 Rb8 9. Be3 a6 10. dxc5 Nxc5 11. e5 Ng4 12. exd6 Nxe3 13. fxe3 Qxd6 14. Qxd6 exd6 15. Rad1 Bg4 16. Bf3 Bxf3 17. Rxf3 Be5 18. Nd4 Rfe8 19. Nd5 Kg7 20. Rdf1 f5 21. R3f2 Kh8 22. b4 Ne4 23. Rc2 Rbc8 24. Rfc1 Nf6 25. Nb6 Rcd8 26. Nf3 Ng4 27. Nxe5 Rxe5 28. Nd5 Nxe3 29. Nxe3 Rxe3 30. c5 dxc5 31. Rxc5 Re7 32. a4 Rd4 1/2-1/2

[Event "ROM-ch U14"]
[Site "Calimanesti"]
[Date "2015.03.31"]
[Round "2"]
[White "Bobocea, Laurentiu Vlad"]
[Black "Csurka, Roland"]
[Result "0-1"]
[WhiteElo "1675"]
[BlackElo "1800"]
[PlyCount "100"]
[EventDate "2015.03.30"]
[EventType "swiss"]
[EventRounds "9"]
[EventCountry "ROU"]
[SourceTitle "CBM 165 Extra"]
[Source "ChessBase"]
[SourceDate "2015.04.21"]
[SourceVersion "1"]
[SourceVersionDate "2015.04.21"]
[SourceQuality "1"]

1. d4 d5 2. c4 c6 3. Nc3 a6 4. Nf3 Nf6 5. Bf4 Bf5 6. Qb3 b5 7. cxb5 cxb5 8. e3 Nc6 9. Be2 Na5 10. Qd1 Qb6 11. 0-0 e6 12. Nh4 Bg6 13. Nxg6 hxg6 14. b3 Bd6 15. Bxd6 Qxd6 16. g3 Qd7 17. Bf3 0-0 18. Qd2 Nc6 19. Rac1 Rac8 20. Ne2 Ne4 21. Bxe4 dxe4 22. Nc3 Ne5 23. Qe2 Nd3 24. Rc2 Qc6 25. f3 Nb4 26. Rcc1 exf3 27. Rxf3 Nd5 28. e4 Nxc3 29. Rfxc3 Qxc3 30. Rxc3 Rxc3 31. Kg2 Rfc8 32. Kh3 Rc2 33. Qf3 Rxa2 34. d5 exd5 35. exd5 Rd2 36. Qe3 Rxd5 37. Qb6 Ra8 38. Qb7 Rdd8 39. Qc6 Rdc8 40. Qb7 Rcb8 41. Qc6 a5 42. Qc5 a4 43. bxa4 bxa4 44. Qd5 a3 45. Qa2 Rb2 46. Qd5 Rab8 47. Qa5 a2 48. Qa3 Rd2 49. Qa7 Rb1 50. Qa8+ Kh7 0-1

[Event "ROM-ch U14"]
[Site "Calimanesti"]
[Date "2014.04.09"]
[Round "4"]
[White "Ciorica, Mihai Vlad"]
[Black "Csurka, Roland"]
[Result "1-0"]
[WhiteElo "1878"]
[BlackElo "1712"]
[PlyCount "53"]
[EventDate "2014.04.06"]
[EventType "swiss"]
[EventRounds "9"]
[EventCountry "ROU"]
[SourceTitle "CBM 160 Extra"]
[Source "ChessBase"]
[SourceDate "2014.07.01"]
[SourceVersion "1"]
[SourceVersionDate "2014.07.01"]
[SourceQuality "1"]

1. e4 e5 2. Nf3 Nf6 3. Nc3 Nc6 4. g3 Bc5 5. Bg2 d6 6. d3 Be6 7. Be3 Bb6 8. 0-0 d5 9. exd5 Nxd5 10. Nxd5 Bxd5 11. Re1 Qd6 12. Bxb6 axb6 13. Nxe5 Nxe5 14. Bxd5 Qxd5 15. d4 0-0-0 16. dxe5 Qc4 17. Qe2 Qb4 18. c3 Qa4 19. b3 Qa5 20. Qg4+ Kb8 21. Qxg7 Qxc3 22. Rac1 Qb2 23. Qxf7 Rc8 24. Qc4 Qxa2 25. Ra1 Qd2 26. Red1 Qg5 27. Qa4 1-0

[Event "ROM-ch U14"]
[Site "Calimanesti"]
[Date "2014.04.07"]
[Round "2"]
[White "Zubcu, Vlad George"]
[Black "Csurka, Roland"]
[Result "1-0"]
[WhiteElo "1855"]
[BlackElo "1712"]
[PlyCount "59"]
[EventDate "2014.04.06"]
[EventType "swiss"]
[EventRounds "9"]
[EventCountry "ROU"]
[SourceTitle "CBM 160 Extra"]
[Source "ChessBase"]
[SourceDate "2014.07.01"]
[SourceVersion "1"]
[SourceVersionDate "2014.07.01"]
[SourceQuality "1"]

1. d4 d5 2. c4 c6 3. Nc3 Nf6 4. Bg5 Bf5 5. Nf3 Nbd7 6. e3 Qb6 7. Qb3 e6 8. c5 Qxb3 9. axb3 Ne4 10. Nxe4 Bxe4 11. Nd2 Bf5 12. b4 h5 13. b5 f6 14. Bh4 e5 15. f3 Kf7 16. b4 g5 17. Bf2 exd4 18. exd4 Bc2 19. Be3 Bh6 20. bxc6 bxc6 21. b5 f5 22. bxc6 Nf6 23. Ra2 Rhe8 24. Kf2 f4 25. Bxf4 Bf5 26. Be5 g4 27. Ba6 Kg6 28. Bb7 Rab8 29. Re1 g3+ 30. hxg3 1-0

[Event "ROM-ch U14"]
[Site "Calimanesti"]
[Date "2014.04.06"]
[Round "1"]
[White "Csurka, Roland"]
[Black "Circiumaru, Vlad Andrei"]
[Result "1-0"]
[WhiteElo "1712"]
[BlackElo "1122"]
[PlyCount "69"]
[EventDate "2014.04.06"]
[EventType "swiss"]
[EventRounds "9"]
[EventCountry "ROU"]
[SourceTitle "CBM 160 Extra"]
[Source "ChessBase"]
[SourceDate "2014.07.01"]
[SourceVersion "1"]
[SourceVersionDate "2014.07.01"]
[SourceQuality "1"]

1. e4 d5 2. exd5 Qxd5 3. Nc3 Qa5 4. b3 Bf5 5. Qf3 Nc6 6. Bb5 Bd7 7. a3 Nf6 8. Bb2 e5 9. Qe2 Bd6 10. b4 Qb6 11. Na4 Qxb5 12. Qxb5 Nd4 13. Qc4 b5 14. Qc3 bxa4 15. Nf3 Nb5 16. Qe3 0-0 17. 0-0 Ng4 18. Qe4 c6 19. c4 f5 20. Qc2 Nd4 21. Bxd4 exd4 22. c5 Bc7 23. Qc4+ Kh8 24. Rfe1 Rae8 25. Qxd4 Be6 26. h3 Rd8 27. Qb2 Bd5 28. hxg4 fxg4 29. Ng5 Bf4 30. Ne6 Bxe6 31. Rxe6 Rxd2 32. Qxd2 Bxd2 33. Rxc6 h5 34. Rd1 Bc3 35. Rcd6 1-0

[Event "ROM-ch U12"]
[Site "Calimanesti"]
[Date "2013.04.08"]
[Round "9"]
[White "Csurka, Roland"]
[Black "Paraschiv, Paul Alexandru"]
[Result "1-0"]
[WhiteElo "1600"]
[BlackElo "1649"]
[PlyCount "96"]
[EventDate "2013.04.02"]
[EventType "swiss"]
[EventRounds "9"]
[EventCountry "ROU"]
[SourceTitle "CBM 153 Extra"]
[Source "ChessBase"]
[SourceDate "2013.04.22"]
[SourceVersion "1"]
[SourceVersionDate "2013.04.22"]
[SourceQuality "1"]

1. e4 e6 2. Nf3 d5 3. exd5 exd5 4. d4 c5 5. c3 Bg4 6. Be3 Qb6 7. b3 Nf6 8. dxc5 Bxc5 9. Bxc5 Qxc5 10. Qd4 Qe7+ 11. Qe5 Bxf3 12. Qxe7+ Kxe7 13. gxf3 Nc6 14. Nd2 Rhe8 15. 0-0-0 Rac8 16. Bb5 Kf8 17. Rhe1 a6 18. Bd3 Nb4 19. Rxe8+ Nxe8 20. Nb1 d4 21. Kb2 dxc3+ 22. Nxc3 Nf6 23. a3 Nc6 24. Ne4 Nxe4 25. Bxe4 Rc7 26. Rc1 Ke7 27. Bxc6 Rxc6 28. Rxc6 bxc6 29. Kc3 Kd6 30. Kd4 f6 31. b4 g6 32. f4 h6 33. h4 h5 34. Ke4 Ke6 35. f5+ Kf7 36. fxg6+ Kxg6 37. f3 Kg7 38. Kf5 Kf7 39. f4 Ke7 40. Kg6 Ke6 41. Kxh5 a5 42. Kg6 axb4 43. axb4 Kd5 44. h5 Kc4 45. h6 f5 46. h7 Kxb4 47. h8Q Kb5 48. Kxf5 c5 1-0

[Event "ROM-ch U12"]
[Site "Calimanesti"]
[Date "2013.04.07"]
[Round "8"]
[White "Muntianu, Razvan Gavril"]
[Black "Csurka, Roland"]
[Result "1/2-1/2"]
[WhiteElo "1628"]
[BlackElo "1600"]
[PlyCount "127"]
[EventDate "2013.04.02"]
[EventType "swiss"]
[EventRounds "9"]
[EventCountry "ROU"]
[SourceTitle "CBM 153 Extra"]
[Source "ChessBase"]
[SourceDate "2013.04.22"]
[SourceVersion "1"]
[SourceVersionDate "2013.04.22"]
[SourceQuality "1"]

1. d4 d5 2. c4 c6 3. e3 Bf5 4. Nc3 Nf6 5. Nf3 e6 6. Nh4 Bg4 7. Be2 Bxe2 8. Qxe2 dxc4 9. Qxc4 Nbd7 10. Nf3 Nd5 11. Bd2 N7b6 12. Qb3 Bd6 13. 0-0 Qc7 14. Ne4 Be7 15. Rac1 0-0 16. Nc3 Nxc3 17. bxc3 Nd7 18. Rb1 b6 19. Rfc1 Rac8 20. a4 Qd6 21. Rc2 e5 22. h3 c5 23. Rbc1 exd4 24. cxd4 Qb8 25. Bc3 cxd4 26. Bxd4 Rxc2 27. Rxc2 Bc5 28. Qb2 Bxd4 29. Nxd4 Qe5 30. Qb5 Qxb5 31. axb5 Nc5 32. Ra2 Ra8 33. Nc6 a5 34. bxa6 Rxa6 35. Rxa6 Nxa6 36. Kf1 f6 37. Ke2 Kf7 38. Kd3 Ke6 39. Kc4 Nc7 40. Nd4+ Ke5 41. Nf3+ Kd6 42. Nd4 Ke5 43. Nc6+ Ke4 44. Nb4 f5 45. h4 f4 46. exf4 Kxf4 47. Nd5+ Nxd5 48. Kxd5 g6 49. Kc4 Ke4 50. Kc3 b5 51. Kb4 Kd3 52. g4 Ke4 53. h5 Kf4 54. Kxb5 Kxg4 55. hxg6 hxg6 56. Kc4 g5 57. Kd4 Kf4 58. Kd5 Kf5 59. Kd4 Kf4 60. Kd5 Kf5 61. Kd4 g4 62. Ke3 Ke5 63. f3 gxf3 64. Kxf3 1/2-1/2

[Event "ROM-ch U12"]
[Site "Calimanesti"]
[Date "2013.04.05"]
[Round "5"]
[White "Csurka, Roland"]
[Black "Benedek, Laszlo"]
[Result "1-0"]
[WhiteElo "1600"]
[BlackElo "1613"]
[PlyCount "103"]
[EventDate "2013.04.02"]
[EventType "swiss"]
[EventRounds "9"]
[EventCountry "ROU"]
[SourceTitle "CBM 153 Extra"]
[Source "ChessBase"]
[SourceDate "2013.04.22"]
[SourceVersion "1"]
[SourceVersionDate "2013.04.22"]
[SourceQuality "1"]

1. e4 e5 2. Nf3 Nc6 3. Nc3 Nf6 4. Bc4 Bc5 5. d3 h6 6. Be3 Bb6 7. d4 exd4 8. Nxd4 Nxd4 9. Bxd4 0-0 10. 0-0 c6 11. Re1 Nh7 12. Qd3 Bc7 13. Rad1 a5 14. a4 d6 15. Qg3 Nf6 16. e5 Nh5 17. Qf3 g6 18. exd6 Qxd6 19. Be5 Qc5 20. Bxc7 Qxc4 21. Re4 Qa6 22. g4 Ng7 23. Qf6 c5 24. Rd6 Ne8 25. Rxa6 Nxf6 26. Rxf6 Be6 27. Ne2 Rfc8 28. Be5 Rd8 29. Nf4 Rd1+ 30. Kg2 Bd7 31. f3 g5 32. Rxh6 Rd2+ 33. Re2 Rxe2+ 34. Nxe2 f6 35. Bxf6 Kf7 36. Bxg5 Bxa4 37. b3 Bc6 38. Nf4 Ra6 39. Rh7+ Kg8 40. Re7 c4 41. Bf6 Bxf3+ 42. Kxf3 Rxf6 43. Rxb7 cxb3 44. cxb3 Rh6 45. h3 Ra6 46. g5 a4 47. bxa4 Rxa4 48. h4 Ra1 49. Kg4 Rg1+ 50. Kh5 Rf1 51. Ng6 Ra1 52. Kh6 1-0